000 01658cam a22004454i 4500
003 PE-LiUPU
005 20250731172815.0
008 150617s r 000 0 d
035 _a(Sirsi) a13802
040 _aPE-LiUPU
_bspa
_cPE-LiUPU
_erda
049 _aPRUA
082 0 4 _a230.0924
_bR71
_221
100 1 _aCampbell Roberts, Robert,
_eautor.
245 1 0 _aRudolf Bultmann's Theology :
_ba Critical Interpretation /
_cRobert Campbell Roberts.
264 1 _aMichigan :
_bEerdmans Publishing Company,
_c1976.
300 _a333 páginas ;
_c21 cm
336 _atext
_2rdacontent
337 _aunmediated
_2rdamedia
338 _avolume
_2rdacarrier
505 0 _aFoundations. -Freedom from the world. -Existence, world, and the new testament. -The Kerygma. -Hermeneutics. -Science and Mythology. -Language and Meaning. -Understanding. -"Translating" Exegesis. -Some Thelogical Details. -God. -Ethics. -Faith.
526 _aSEG42
526 _aSEG41
526 _aSEG40
526 _aSEG39
526 _aP94
526 _aP87
526 _aP86
526 _aP85
526 _aP77
526 _aP76
526 _aP35
600 1 _aBultmann, Rudolf Karl.
_d1884-1976
910 _ajck
_bjvq
_cjck
_d20150616
942 _2ddc
_cBOOK
949 _a230.0924 R71
_wDEWEY
_c1
_i18430
_lCCODEBUL1
_mBUL
_p00.00
_r0
_sY
_tBOOK
_u1980'1219
_xTEOLOGIA
_PP35
_0COMPRA
_o.STAFF. Colección General
994 _aC0
_bPEPRU
596 _a1
999 _a230.0924 R71
_wDEWEY
_c4210
_i18430
_f2021-11-9
_g6
_lCCODEBUL1
_mBUL
_r0
_sY
_tBOOK
_u2015-6-17
_xTEOLOGIA
_PP35
_0COMPRA
_o.STAFF. Colección General
_d4210
980 _81
_gALBERTO SANCHEZ Responsable de Automatización